000 01021cam a2200301ua 4500
001 28445
003 BD-RjUL
005 20211209051302.0
008 140330s1947 enk 001 0 eng d
035 _a(BD-RjUL)28526
035 _a(NNC)4489882
040 _a*EUT*
_c*EUT*
_dNNUT
_dCStRLIN
_dBD-RjUL
_beng
041 1 _aenglat
_hlat
082 0 4 _a937
_bNEL 1947
090 _aPA3612.L2
_bF567 1984
100 1 _aNepos, Cornelius
_987107
245 1 0 _aLucius Annaeus Florus Epitome of Roman history /
_c Cornelius Nepos
260 _aLondon :
_bW. Heinemann,
_c1947.
300 _axiv, 381, 8 p. ;
_c17 cm.
490 0 _aLoeb classical library. Latin authors
500 _aLatin text with English translation on opposite pages.
504 _aBibliography: p. xiii; Bibliographical addendum: p. xiv. and Index
651 0 _aRome
_xHistory
_yRepublic, 510-30 B.C.
_974857
740 0 _aEpitome of Roman history.
740 0 _aEpitome rerum Romanorum.
830 0 _aLoeb classical library.
_987111
942 _2ddc
_cBK
999 _c28445
_d28445